| 000 | 00594nam a2200145Ia 4500 | ||
|---|---|---|---|
| 008 | 151213s9999 xx 000 0 und d | ||
| 100 | _aআল্লামা শিবলী নোমান। | ||
| 245 |
_aবিশ্বনবী ( স: ) এর জীবনী। _cআল্লামা শিবলী নোমান। |
||
| 260 |
_aঢাকা _bসোলেমানিয়া বুক হাউস। _c2004 |
||
| 300 | _a10971 p. | ||
| 650 | _aBangla | ||
| 650 | _aইসলামী বই | ||
| 700 | _aআল্লামা শিবলী নোমান। | ||
| 999 |
_c4943 _d4943 |
||